Statistiques concernant Gares des Vosges

Cliquez ici pour prendre le quiz!

Statistiques générales

  • Ce quiz a été pris 113 fois
    (88 depuis la dernière actualisation)
  • Le résultat moyen est 10 sur 22

Statistiques - réponses

Nombre de voyageursGares% Correct
1 117 071Epinal
94%
272 473Remiremont
83%
363 148Saint Dié des Vosges
78%
64 056Arches
77%
313 168Charmes
63%
73 661Neufchâteau
62%
256 138Thaon
58%
53 800Vittel
58%
Bruyères
49%
25 390Contrexéville
49%
111 001Raon l'Etape
43%
6 705Saint Nabord
43%
36 583Eloyes
42%
13 399Pouxeux
38%
126 310Châtel - Nomexy
34%
55 177Etival - Clairefontaine
32%
17 932Vincey
29%
14 274Igney
25%
1 185Xertigny
22%
2 892Saint Michel sur Meurthe
18%
2 801Bains les Bains
14%
454Provenchères sur Fave
12%

Distribution des résultats

Percentile par nombre de réponses

% des personnes avec chaque résultat

Votre développement - résultats

Vous n’avez pas pris ce quiz depuis la dernière actualisation